Los confines de la tierra /

Guardado en:
Autor Corporativo: National Geographic.
Formato: Deslizar
Materias:
Etiquetas: Agregar Etiqueta
Sin Etiquetas, Sea el primero en etiquetar este registro!
LEADER 00933ngm a22002775g 4500
001 CEM.cems021384
008 130507b1992##################0###0#####d
005 20240819204717.0
245 0 0 |a Los confines de la tierra /  |c National Geographic. 
300 |a 57 
500 |a En soporte VHS, consultar en ventanilla. 
505 0 |a Aves de los Polos: pingüinos, cormoranes, petreles, etc. Apareamiento, hábitos de vida, adaptación a las regiones polares. 
538 |a Soporte: VHS - Norma: Pal N - Color - Grabación Drd 1992 - Hitachi:2375 
110 2 |a National Geographic. 
082 5 9 |. 5/NAT-1 
653 |a ZOOLOGIA 
653 |a ECOLOGIA 
653 |a COMPORTAMIENTO ANIMAL 
653 |a AVES 
653 |a PINGUINOS 
653 |a ARGENTINA 
653 |a ANIMALES 
653 |a POLO 
653 |a NIVEL PRIMARIO 
653 |a NIVEL SECUNDARIO 
859 |a CEMS  |b BIB. CEMS - Depto. Recursos Didacticos  |h 591.5  |i NAT-1  |k DRD  |p 27.12  |t Ej.1